| 000 | 00747 a2200181 4500 | ||
|---|---|---|---|
| 003 | Nust | ||
| 005 | 20230119143307.0 | ||
| 020 | _a070249571 | ||
| 040 | _cNust | ||
| 082 | _a670,GRO | ||
| 100 |
_aH.Groneman, Chris _9107135 |
||
| 245 |
_aGeneral Shop / _cChris H.Groneman & John L.Feire |
||
| 250 | _a4th Ed | ||
| 260 |
_aNew York _bMcGraw-Hill Book Company _c1969 |
||
| 300 | _ax, 534 p | ||
| 505 | _aElements of Industry (Page-16), Drawing and Planning (Page-53), Woods (Page-103), Metalworking (Page-198), Electricity and Electronics (Page-270), Power Mechanics (Page-319), Graphic Arts (Page-358), Plastics (Page-400), Leather (Page-430), Ceramics (Page-457), Home Maintenance (Page-488), Suggested Projects (Page-496). | ||
| 942 |
_2ddc _cBK |
||
| 999 |
_c184997 _d184997 |
||